[Event "SVK-chT1W 1112"]
[Site "Slovakia"]
[Date "2011.11.13"]
[Round "4.7"]
[White "Doucha, Ludvig"]
[Black "Bednar, Miroslav"]
[Result "1-0"]
[WhiteElo "2102"]
[BlackElo "2098"]
[PlyCount "47"]
[EventDate "2011.10.15"]
[EventType "team-tourn"]
[EventRounds "11"]
[EventCountry "SVK"]
[SourceTitle "EXT 2013"]
[Source "ChessBase"]
[SourceDate "2012.11.22"]
[SourceVersion "1"]
[SourceVersionDate "2012.11.22"]
[SourceQuality "1"]
[WhiteTeam "Trnava Lokomotiva"]
[BlackTeam "Bratislava Slovan II"]
[WhiteTeamCountry "SVK"]
[BlackTeamCountry "SVK"]

1. e4 e5 2. Nf3 Nc6 3. Bb5 d6 4. c3 Bd7 5. 0-0 Nf6 6. Re1 Be7 7. d4 0-0 8. Nbd2 Nxd4 9. Nxd4 exd4 10. Bxd7 dxc3 11. Ba4 cxd2 12. Bxd2 d5 13. exd5 Nxd5 14. Bb3 Bf6 15. Qc2 c6 16. Rad1 Re8 17. Be3 Qa5 18. Bd2 Qb6 19. Bc1 Rad8 20. g3 Rxe1+ 21. Rxe1 g6 22. Bh6 Qd4 23. Qe2 Bg7 24. Qe8+ 1-0

[Event "SVK-chT1W 0910"]
[Site "Slovakia"]
[Date "2009.10.18"]
[Round "2.1"]
[White "Arendas, Marek"]
[Black "Bednar, Miroslav"]
[Result "1/2-1/2"]
[WhiteElo "2077"]
[BlackElo "2097"]
[PlyCount "66"]
[EventDate "2009.10.17"]
[EventType "team"]
[EventRounds "11"]
[EventCountry "SVK"]
[SourceTitle "EXT 2011"]
[Source "ChessBase"]
[SourceDate "2010.11.26"]
[SourceVersion "1"]
[SourceVersionDate "2010.11.26"]
[SourceQuality "1"]
[WhiteTeam "Trnava Lokomotiva"]
[BlackTeam "Bratislava Slovan II"]
[WhiteTeamCountry "SVK"]
[BlackTeamCountry "SVK"]

1. e4 e5 2. Nf3 Nc6 3. Bc4 Bc5 4. d3 Nf6 5. Nc3 d6 6. h3 a6 7. a3 Qe7 8. Bg5 Be6 9. Nd5 Bxd5 10. Bxd5 h6 11. Bxc6+ bxc6 12. Bxf6 Qxf6 13. c3 0-0 14. 0-0 Qe6 15. Nh4 g6 16. Qg4 Qxg4 17. hxg4 Rfb8 18. b4 Ba7 19. Nf3 c5 20. Rfb1 Kg7 21. Kf1 c6 22. bxc5 Bxc5 23. a4 Kf6 24. Ke2 d5 25. Nd2 Bd6 26. g3 Rxb1 27. Rxb1 Rb8 28. Rxb8 Bxb8 29. c4 Ke6 30. Nb3 Bd6 31. c5 Bc7 32. f3 Bd8 33. Kf2 Bg5 1/2-1/2

[Event "SVK-chT1W 0809"]
[Site "Slovakia"]
[Date "2008.11.22"]
[Round "3.2"]
[White "Bednar, Miroslav"]
[Black "Skapikova, Lubica"]
[Result "1-0"]
[WhiteElo "2095"]
[BlackElo "1958"]
[PlyCount "73"]
[EventDate "2008.10.18"]
[EventType "team-tourn"]
[EventRounds "11"]
[EventCountry "SVK"]
[SourceTitle "EXT 2010"]
[Source "ChessBase"]
[SourceDate "2010.11.25"]
[SourceVersion "1"]
[SourceVersionDate "2010.11.25"]
[SourceQuality "1"]
[WhiteTeam "Bratislava Slovan II"]
[BlackTeam "Senica SK"]
[WhiteTeamCountry "SVK"]
[BlackTeamCountry "SVK"]

1. e4 e5 2. Nf3 Nc6 3. Bc4 Bc5 4. c3 Nf6 5. d4 exd4 6. cxd4 Bb4+ 7. Nc3 Nxe4 8. 0-0 Bxc3 9. d5 Ne5 10. bxc3 Nxc4 11. Qd4 Ncd6 12. Qxg7 Qf6 13. Qxf6 Nxf6 14. Re1+ Nfe4 15. Nd2 f5 16. f3 Kf7 17. fxe4 Nxe4 18. Nxe4 fxe4 19. Rxe4 d6 20. Be3 Rf8 21. Bd4 Bd7 22. Re3 Rae8 23. Rf1+ Kg6 24. Rff3 Kh5 25. Rxf8 Rxf8 26. Re7 Bf5 27. Rxc7 Bd3 28. h3 a6 29. Rxb7 Rf1+ 30. Kh2 Ra1 31. g4+ Kh6 32. Kg3 Rxa2 33. Rf7 Re2 34. Rf6+ Bg6 35. h4 Re4 36. Rxd6 Rxd4 37. cxd4 1-0

[Event "SVK-chT1E 0708"]
[Site "Slovakia"]
[Date "2007.10.14"]
[Round "2.2"]
[White "Skapikova, Lubica"]
[Black "Bednar, Miroslav"]
[Result "0-1"]
[WhiteElo "1988"]
[BlackElo "2072"]
[PlyCount "110"]
[EventDate "2007.10.13"]
[EventType "team-swiss"]
[EventRounds "11"]
[EventCountry "SVK"]
[SourceTitle "EXT 2019"]
[Source "ChessBase"]
[SourceDate "2018.10.10"]
[SourceVersion "1"]
[SourceVersionDate "2018.10.10"]
[SourceQuality "1"]
[WhiteTeam "Senica SK"]
[BlackTeam "Bratislava Slovan II"]
[WhiteTeamCountry "SVK"]
[BlackTeamCountry "SVK"]

1. e4 e5 2. Nf3 Nc6 3. Bb5 a6 4. Ba4 Nf6 5. 0-0 Be7 6. Re1 b5 7. Bb3 0-0 8. c3 d5 9. exd5 Nxd5 10. Nxe5 Nxe5 11. Rxe5 c6 12. d4 Bd6 13. Re1 Qh4 14. g3 Qh3 15. Qd3 Bg4 16. Qf1 Qh5 17. Bxd5 cxd5 18. Be3 f5 19. f4 Rf6 20. Nd2 Rh6 21. Qg2 Kh8 22. Rf1 Re8 23. Rae1 Bh3 24. Qf3 Bxf1 25. Qxh5 Rxh5 26. Nxf1 g5 27. fxg5 f4 28. Bf2 Rxe1 29. Bxe1 fxg3 30. hxg3 Rxg5 31. Kg2 Bf4 32. Kf3 Bc1 33. b3 Rf5+ 34. Ke2 Rh5 35. Kf3 Rh1 36. Kg2 Rh6 37. Bd2 Bxd2 38. Nxd2 Kg7 39. Nf3 Rc6 40. Ne5 Rxc3 41. Nd7 Kf7 42. Nc5 a5 43. Nb7 Rc2+ 44. Kf3 Rxa2 45. Nd6+ Ke6 46. Nxb5 Rb2 47. Nc7+ Kd6 48. Ne8+ Ke7 49. Nc7 Rxb3+ 50. Kf4 Kd6 51. Ne8+ Kc6 52. Nf6 a4 53. Ke5 Re3+ 54. Kf4 Re7 55. Ng4 Re4+ 0-1

[Event "SVK-chT1E 0708"]
[Site "Slovakia"]
[Date "2007.10.13"]
[Round "1.1"]
[White "Bednar, Miroslav"]
[Black "Peska, Juraj"]
[Result "1-0"]
[WhiteElo "2072"]
[BlackElo "1966"]
[PlyCount "89"]
[EventDate "2007.10.13"]
[EventType "team-swiss"]
[EventRounds "11"]
[EventCountry "SVK"]
[SourceTitle "EXT 2019"]
[Source "ChessBase"]
[SourceDate "2018.10.10"]
[SourceVersion "1"]
[SourceVersionDate "2018.10.10"]
[SourceQuality "1"]
[WhiteTeam "Bratislava Slovan II"]
[BlackTeam "Hlohovec SK Zentiva II"]
[WhiteTeamCountry "SVK"]
[BlackTeamCountry "SVK"]

1. e4 e5 2. Nf3 d6 3. d4 exd4 4. Qxd4 Nc6 5. Bb5 Bd7 6. Bxc6 Bxc6 7. 0-0 Nf6 8. Re1 Be7 9. Nbd2 0-0 10. Nf1 Nd7 11. Ng3 Bf6 12. Qd1 Re8 13. Nd4 Nc5 14. Nxc6 bxc6 15. f4 Rb8 16. c3 Bh4 17. Qc2 Qf6 18. Be3 Bxg3 19. hxg3 Rxe4 20. Bxc5 Rxe1+ 21. Rxe1 dxc5 22. Qf2 Qf5 23. Re5 Qb1+ 24. Kh2 h6 25. b3 Rb5 26. Re8+ Kh7 27. c4 Ra5 28. Re2 Qd3 29. Rd2 Qe4 30. Re2 Qb1 31. Rd2 Ra3 32. Qe2 a5 33. g4 a4 34. Rd3 axb3 35. Qe4+ g6 36. f5 gxf5 37. gxf5 Ra8 38. f6+ Kh8 39. Rd8+ Rxd8 40. Qxb1 bxa2 41. Qxa2 Rd6 42. Qf2 Kh7 43. Qf5+ Kh8 44. Kh3 Rd4 45. Qxc5 1-0